01494nam a2200265 a 4500001001000000003000900010005001700019008003200036020001500068040002600083082003200109100003500141245014100176260005500317300001500372490007000387500007300457500000600530504003600536505049900572650006501071650002601136651003901162700002701201000010848DO-SdBNP20230503140204.0091012s1978 dr b 000 0 spa d a8484010139 aDO-SdBNPbspacBPMSU  4a972.9307294bL595s 19782221 aLepellertier de Saint Remy, R.10aSanto Domingo :bestudio y solución nueva de la cuestión haitiana /cR. Lepellertier de Saint Remy ;traducción de Gustavo Amigó. aSanto Domingo :bEditora de Santo Domingo, c1978. av. ;cmap.0 aSociedad Dominicana de Bibliófilos ;aCultura dominicana ;v 26 aIncluye referencias bibliográficas y notas al pie de las páginas a  aBibliográficas : (p. 393-405)0 aV. II : Negociaciones de 1814 a 1825 -- De la ordenanza de 1825 a los tratados de 1838 -- Cuestión financiera -- Nueva situación económica -- Recursos y ventajas de la parte oriental de Santo Domingo -- Situación económica de la República Dominicana -- Samaná -- Samaná: esbozo económico -- Samaná. Cuestión de los cafés -- Aplicación a Santo Domingo de la combinación de las tasas intermedias -- Hipótesis de la ocupación de Samaná por Francia -- Conclusión 4aFranceses en Santo Domingo (Republica Dominicana) xHistoria 4aCuestión haitiana.  4aRepública Dominicana xHistoria.1 a Amigó, Gustavoetr.